LIBRARY & INFORMATION CENTRE, KCAET, TAVANUR

ONLINE PUBLIC ACCESS CATALOGUE (OPAC)

Text book of mineralogy with an extended treatise on crystallography and physical mineralogy / (Record no. 9672)

MARC details
000 -LEADER
fixed length control field 00461cam a2200157ua 4500
003 - CONTROL NUMBER IDENTIFIER
control field OSt
008 - FIXED-LENGTH DATA ELEMENTS--GENERAL INFORMATION
fixed length control field 260420b |||||||| |||| 00| 0 eng d
041 ## - LANGUAGE CODE
Language code of text/sound track or separate title eng
082 ## - DEWEY DECIMAL CLASSIFICATION NUMBER
Classification number 660
Item number DAN/TE
100 ## - MAIN ENTRY--AUTHOR NAME
Personal name Dana Salisbury, Edward .
245 ## - TITLE STATEMENT
Title Text book of mineralogy with an extended treatise on crystallography and physical mineralogy /
260 ## - PUBLICATION, DISTRIBUTION, ETC. (IMPRINT)
Place of publication Mumbai :
Name of publisher Asia Publishing House ,
Year of publication 1962.
300 ## - PHYSICAL DESCRIPTION
Number of Pages 851 ; .
942 ## - ADDED ENTRY ELEMENTS (KOHA)
Koha item type Books
Holdings
Withdrawn status Lost status Damaged status Home library Current library Date acquired Accession Number Koha item type
      KAUAET KAUAET 07/04/2012 8017 Books
free website counter